000 00349nam a2200133Ia 4500
005 20260326235449.0
008 260326s9999||||xx |||||||||||||| ||und||
100 _aSchlemmer, Oskar
245 4 _aThe Theater of the Bauhaus /
_cOskar Schlemmer
260 _bWesleyan University Press
300 _a109 p.
650 _aARQUITECTURA CIVIL
942 _cBK
999 _c7678
_d7678